[Event "SR Extraliga 2016/2017"]
[Site "?"]
[Date "2017.02.18"]
[Round "7.3"]
[White "Rigo, Zsolt"]
[Black "Mrva, Martin"]
[Result "1-0"]
[WhiteElo "2387"]
[BlackElo "2399"]
[PlyCount "113"]
[EventDate "2016.??.??"]

1. e4 d6 2. d4 Nf6 3. Nc3 a6 4. Bf4 e6 5. g4 e5 6. dxe5 Bxg4 7. Be2 Bxe2 8.
Ngxe2 Nh5 9. exd6 Nxf4 10. Nxf4 Qxd6 11. Nd3 g6 12. f4 Nd7 13. Qf3 Bh6 14.
O-O-O O-O 15. Kb1 Rad8 16. Qh3 Bg7 17. Ne5 Bxe5 18. Rxd6 Bxd6 19. e5 Bc5 20.
Ne4 Be7 21. f5 Rfe8 22. e6 fxe6 23. fxg6 hxg6 24. Qxe6+ Kg7 25. Qc4 c6 26. a3
Ne5 27. Qc3 Rd5 28. h4 Rh8 29. Qg3 Rh5 30. Qb3 b5 31. Qe3 c5 32. Nc3 Rd4 33.
Ne2 Rdxh4 34. Rxh4 Bxh4 35. Qxc5 Bf6 36. Qa7+ Nf7 37. Qxa6 Rf5 38. Ng3 Re5 39.
Qb7 Be7 40. Ne4 Nd8 41. Qa8 g5 42. a4 bxa4 43. Qxa4 Ne6 44. Qc4 Kg6 45. b4 Nf4
46. b5 Kf5 47. Nd2 Bc5 48. Qf7+ Kg4 49. Nc4 Rd5 50. Qc7 Kf3 51. b6 g4 52. b7
Ba7 53. b8=Q Bxb8 54. Qxb8 g3 55. Qb3+ Ke4 56. Qe3+ Kf5 57. Qxg3 1-0

[Event "SR Extraliga 2016/2017"]
[Site "?"]
[Date "2017.02.18"]
[Round "7.4"]
[White "Pcola, Pavol"]
[Black "Maslik, Miroslav"]
[Result "1-0"]
[WhiteElo "2371"]
[BlackElo "2343"]
[PlyCount "125"]
[EventDate "2016.??.??"]

1. c4 e6 2. g3 d5 3. Bg2 dxc4 4. Nf3 Nf6 5. O-O a6 6. a4 Nc6 7. Na3 Bxa3 8.
bxa3 e5 9. Bb2 Qd6 10. Qc2 Be6 11. Rfd1 O-O 12. Ng5 Nd4 13. Bxd4 exd4 14. Nxe6
Qxe6 15. Bxb7 Rab8 16. Bf3 Rb3 17. Rac1 c3 18. dxc3 Rxc3 19. Qd2 Qe5 20. Rxc3
dxc3 21. Qc2 g6 22. Rd3 c5 23. Rxc3 Rd8 24. Kg2 Rc8 25. Re3 Qd6 26. Qc4 a5 27.
Rd3 Qe6 28. Qb5 c4 29. Re3 Qf5 30. Rc3 Rc5 31. Qa6 Qe6 32. Qxe6 fxe6 33. e4 Nd7
34. Bd1 Kf7 35. Kf3 e5 36. Rc1 c3 37. Bb3+ Ke7 38. Ke3 Rc7 39. Bc2 Nc5 40. Rb1
Ne6 41. Rb5 Rc5 42. Kd3 Kd6 43. Rxc5 Kxc5 44. Kxc3 g5 45. Kd3 h6 46. Bb3 Nd4
47. Bd5 Nf3 48. h3 Nd4 49. Ke3 Kd6 50. f4 gxf4+ 51. gxf4 Nc2+ 52. Kd2 Nd4 53.
Kd3 Nf3 54. f5 Ng5 55. h4 Nf3 56. h5 Kc5 57. f6 Ng5 58. f7 Nh7 59. Be6 Nf8 60.
Bf5 Kd6 61. Kc4 Kc6 62. Bg4 Nh7 63. Bh3 1-0

[Event "SR Extraliga 2016/2017"]
[Site "?"]
[Date "2017.02.18"]
[Round "7.5"]
[White "Federic, Jozef"]
[Black "Pinter, Erik"]
[Result "1/2-1/2"]
[WhiteElo "2295"]
[BlackElo "2383"]
[PlyCount "119"]
[EventDate "2016.??.??"]

1. d4 Nf6 2. Nf3 g6 3. Bf4 Bg7 4. e3 O-O 5. Be2 d6 6. h3 Nfd7 7. Nbd2 e5 8. Bg5
Qe8 9. O-O Nc6 10. dxe5 dxe5 11. e4 h6 12. Be3 Nd4 13. Bc4 Nb6 14. Bb3 Qe7 15.
c3 Nxb3 16. axb3 Nd7 17. Qe2 Qe6 18. Ra4 a6 19. b4 Nb6 20. Ra5 Bd7 21. b3 Nc8
22. Rd1 Re8 23. Qc4 Bc6 24. Qxe6 Rxe6 25. Nc4 f6 26. Rd8+ Re8 27. Rxe8+ Bxe8
28. Nfd2 b6 29. Ra1 Kf7 30. f3 Ke6 31. Kf2 Ne7 32. Ke2 f5 33. Bf2 f4 34. Kd1
Bf6 35. Kc2 g5 36. Nb2 Bc6 37. Nd3 Bb7 38. Nc4 Nc6 39. Kb2 Be7 40. Kc2 Rg8 41.
Rh1 Bf6 42. Rd1 Bc8 43. Ne1 Rd8 44. Rxd8 Nxd8 45. Nd3 Nf7 46. Kd2 Nd6 47. Nxd6
Kxd6 48. Ke2 Ke6 49. c4 Bd8 50. Be1 c6 51. Bc3 Bc7 52. Kd2 Bd7 53. Nf2 h5 54.
Nd3 Be8 55. Ke2 Bg6 56. Kf2 g4 57. hxg4 hxg4 58. Ke2 g3 59. Bb2 Be8 60. Bc3 {
Kd5} 1/2-1/2

[Event "SR Extraliga 2016/2017"]
[Site "?"]
[Date "2017.02.18"]
[Round "7.6"]
[White "Krak, Tomas"]
[Black "Skara, Vladimir"]
[Result "1-0"]
[WhiteElo "2306"]
[BlackElo "2250"]
[PlyCount "51"]
[EventDate "2016.??.??"]

1. Nf3 c5 2. e4 e6 3. d4 cxd4 4. Nxd4 a6 5. Nc3 Bc5 6. Nb3 Ba7 7. Bd3 Nc6 8.
Qg4 Nf6 9. Qg3 d6 10. Bd2 Nb4 11. O-O Nxd3 12. cxd3 O-O 13. Bg5 b5 14. Kh1 Kh8
15. Qh4 Bb7 16. f4 b4 17. Ne2 h6 18. Rf3 Kh7 19. Raf1 Rh8 20. Rg3 Bb8 21. Nd2
a5 22. Nf3 h5 23. Ned4 a4 24. e5 dxe5 25. fxe5 Bxf3 26. Bxf6 1-0

[Event "SR Extraliga 2016/2017"]
[Site "?"]
[Date "2017.02.18"]
[Round "7.7"]
[White "Machata, Martin"]
[Black "Skreno, Vladimir"]
[Result "0-1"]
[WhiteElo "2266"]
[BlackElo "2204"]
[PlyCount "82"]
[EventDate "2016.??.??"]

1. d4 Nf6 2. Nc3 d5 3. Bf4 c6 4. f3 g6 5. Qd2 h5 6. e4 e6 7. Bg5 Be7 8. Nh3
Nbd7 9. e5 Ng8 10. O-O-O a6 11. f4 b5 12. Bd3 Qa5 13. Bxe7 Nxe7 14. Kb1 Qb6 15.
Ng5 c5 16. dxc5 Nxc5 17. h3 Nxd3 18. cxd3 h4 19. d4 Nf5 20. Ne2 Bd7 21. Rc1 b4
22. Rc5 O-O 23. g4 hxg3 24. Rg1 Rac8 25. Rxc8 Rxc8 26. Nf3 b3 27. Nc3 bxa2+ 28.
Nxa2 Rc4 29. Rc1 Bb5 30. Rxc4 Bxc4 31. Nc3 a5 32. h4 Qa6 33. Na4 Bb3 34. Nc5
Qf1+ 35. Ne1 g2 36. Qxa5 g1=Q 37. Qd8+ Kh7 38. Nxb3 Qd3+ 39. Ka2 Qa6+ 40. Na5
Qxe1 41. b4 Qxb4 0-1

[Event "SR Extraliga 2016/2017"]
[Site "?"]
[Date "2017.02.18"]
[Round "7.8"]
[White "Pcola, Jaroslav st"]
[Black "Banas, Kamil"]
[Result "0-1"]
[WhiteElo "2069"]
[BlackElo "2236"]
[PlyCount "112"]
[EventDate "2016.??.??"]

1. e4 c5 2. Nf3 d6 3. d4 cxd4 4. Nxd4 Nf6 5. Nc3 a6 6. Be3 e5 7. Nb3 Be6 8. Be2
Be7 9. O-O O-O 10. f4 exf4 11. Bxf4 Nc6 12. Kh1 Qc7 13. Nd5 Bxd5 14. exd5 Ne5
15. Rc1 Nfd7 16. Nd4 g6 17. c4 Bf6 18. b3 Bg7 19. Qd2 Rfe8 20. Nf3 Nxf3 21.
Bxf3 a5 22. Rfe1 Be5 23. Be3 b6 24. Bg4 Nc5 25. Bf3 Re7 26. Bg5 f6 27. Be3 Rae8
28. Rcd1 Nd7 29. Rc1 Qd8 30. g3 f5 31. Bg5 Bf6 32. Bf4 Ne5 33. Bxe5 Bxe5 34.
Rf1 h5 35. Rce1 Kg7 36. Qg5 Bf6 37. Qd2 Rxe1 38. Rxe1 Be5 39. Kg2 Qf6 40. Qf2
Rb8 41. Bd1 Rb7 42. Kh1 Kh8 43. Bc2 Qd8 44. Bd1 Rf7 45. Bc2 Kg7 46. Bd1 Kg8 47.
Bc2 Rh7 48. Qf3 Kh8 49. Bd1 Rf7 50. Bc2 Qg5 51. Qe3 f4 52. gxf4 Rxf4 53. Rg1
Qh4 54. Qg3 g5 55. Qxg5 Qxh2+ 56. Kxh2 Rf2+ 0-1

[Event "SR Extraliga 2016/2017"]
[Site "?"]
[Date "2017.02.18"]
[Round "7.1"]
[White "Balog, Imre"]
[Black "Vovk, Jurij"]
[Result "1/2-1/2"]
[WhiteElo "2563"]
[BlackElo "2609"]
[PlyCount "106"]
[EventDate "2016.??.??"]

1. e4 e6 2. d4 d5 3. Nd2 Nf6 4. Bd3 c5 5. e5 Nfd7 6. c3 b6 7. Bb5 Ba6 8. a4 Qc8
9. Ne2 Nc6 10. O-O Be7 11. Nf3 O-O 12. Bg5 Bxg5 13. Nxg5 h6 14. Qd3 hxg5 15.
Bxa6 Ndxe5 16. Qb5 Qc7 17. dxe5 Nxe5 18. b3 Rfd8 19. Ng3 c4 20. Rad1 cxb3 21.
Qxb3 Nd7 22. Qb4 Nc5 23. Be2 Rac8 24. h4 Qe7 25. hxg5 Qxg5 26. a5 bxa5 27. Qxa5
Nb3 28. Qb4 Rb8 29. Qa3 Rdc8 30. Rd3 Nc5 31. Re3 Rc7 32. Qa5 Rb6 33. Qa1 Qh4
34. Qd1 Na4 35. Qa1 Nc5 36. Nh5 Qa4 37. Qc1 f5 38. Rh3 Ne4 39. Bd3 Qe8 40. Bxe4
dxe4 41. Nf6+ gxf6 42. Qh6 Rg7 43. Rd1 Kf7 44. c4 Rb7 45. c5 Rd7 46. Rd6 Rxd6
47. cxd6 Qc6 48. Qh5+ Kf8 49. Qd1 Rd7 50. Rh8+ Kg7 51. Qh5 Qc1+ 52. Kh2 Qf4+
53. Kg1 Qc1+ 1/2-1/2

[Event "SR Extraliga 2016/2017"]
[Site "?"]
[Date "2017.02.18"]
[Round "7.2"]
[White "Vetoshko, Volodymyr"]
[Black "Kriebel, Tadeas"]
[Result "1/2-1/2"]
[WhiteElo "2507"]
[BlackElo "2463"]
[PlyCount "50"]
[EventDate "2016.??.??"]

1. e4 c5 2. Nf3 Nc6 3. d4 cxd4 4. Nxd4 g6 5. c4 Bg7 6. Be3 Nf6 7. Nc3 O-O 8.
Be2 d6 9. O-O Bd7 10. Qd2 Rc8 11. f3 a6 12. Rac1 Nxd4 13. Bxd4 Qa5 14. Rfd1
Rfe8 15. Bf1 Be6 16. b3 b5 17. Bxf6 exf6 18. Nd5 Qxd2 19. Rxd2 Bh6 20. Nxf6+
Kf8 21. Rcd1 Be3+ 22. Kh1 Bxd2 23. Nxe8 bxc4 24. bxc4 Kxe8 25. Rxd2 Bxc4
1/2-1/2

[Event "SR Extraliga 2016/2017"]
[Site "?"]
[Date "2017.02.18"]
[Round "7.3"]
[White "Schwarz, Dusan"]
[Black "Nayhebaver, Martin"]
[Result "0-1"]
[WhiteElo "2303"]
[BlackElo "2444"]
[PlyCount "118"]
[EventDate "2016.??.??"]

1. d4 Nf6 2. c4 e6 3. Nc3 Bb4 4. f3 c5 5. d5 O-O 6. e4 b5 7. Bg5 h6 8. Bh4 d6
9. Bd3 exd5 10. cxd5 c4 11. Bc2 Ba5 12. a3 Na6 13. Nge2 b4 14. axb4 Nxb4 15.
Bxf6 gxf6 16. O-O Bb6+ 17. Kh1 f5 18. exf5 Qf6 19. Ng3 Qd4 20. Be4 Bd7 21. Nce2
Qxd1 22. Rfxd1 Rab8 23. Nh5 f6 24. Nef4 Kf7 25. Ne6 Rfc8 26. Nhf4 c3 27. bxc3
Rxc3 28. Ne2 Rc4 29. Bd3 Nxd3 30. Rxd3 Rbc8 31. g4 Bb5 32. Rda3 a6 33. Rxa6
Bxa6 34. Rxa6 Rc2 35. Rxb6 Rxe2 36. Rb7+ Kg8 37. Rb1 Rcc2 38. Nf4 Rxh2+ 39. Kg1
Rb2 40. Re1 Rhd2 41. Ra1 Ra2 42. Rb1 Rdb2 43. Rc1 Kf7 44. Rc7+ Ke8 45. Rc1 Rc2
46. Re1+ Kf7 47. Rb1 Ra3 48. Nh5 Re3 49. Rb7+ Re7 50. Rb1 Rd2 51. Nf4 Ra7 52.
Re1 Rd4 53. Ne6 Rxd5 54. Kg2 Rd3 55. Rh1 Ra2+ 56. Kg3 Raa3 57. Rxh6 Rxf3+ 58.
Kg2 Rfb3 59. Rh7+ Kg8 0-1

[Event "SR Extraliga 2016/2017"]
[Site "?"]
[Date "2017.02.18"]
[Round "7.4"]
[White "Dovzik, Juri"]
[Black "Straka, Jozef"]
[Result "0-1"]
[WhiteElo "2309"]
[BlackElo "2274"]
[PlyCount "80"]
[EventDate "2016.??.??"]

1. c4 Nf6 2. Nf3 g6 3. g3 b6 4. Bg2 Bb7 5. O-O Bg7 6. d4 O-O 7. Nc3 Ne4 8. Nxe4
Bxe4 9. Bf4 c5 10. Be5 f6 11. Bxb8 Rxb8 12. Qd2 f5 13. e3 Qc7 14. Rac1 Qb7 15.
Ne1 e6 16. b3 cxd4 17. exd4 f4 18. gxf4 Bh6 19. Rc3 Rxf4 20. d5 exd5 21. Rh3
Rh4 22. Qc3 Bg7 23. Qg3 Rxh3 24. Bxh3 Rf8 25. f3 Bb1 26. Qd6 dxc4 27. Bxd7 c3
28. Nd3 Bxd3 29. Qxd3 Kh8 30. Bb5 Qc7 31. Bc4 Qf4 32. Qe2 Rd8 33. Re1 Rd2 34.
Qe8+ Bf8 35. Be2 c2 36. Kf1 Kg7 37. Qc6 Bc5 38. b4 Bxb4 39. Qa4 Rd4 40. Qxa7+
Kh6 0-1

[Event "SR Extraliga 2016/2017"]
[Site "?"]
[Date "2017.02.18"]
[Round "7.5"]
[White "Chovan, Milan"]
[Black "Najgebauer, Szemjon"]
[Result "1-0"]
[WhiteElo "2284"]
[BlackElo "2269"]
[PlyCount "139"]
[EventDate "2016.??.??"]

1. c4 c5 2. Nf3 Nc6 3. d4 cxd4 4. Nxd4 Nf6 5. Nc3 g6 6. e4 d6 7. Be2 Bg7 8. Be3
O-O 9. O-O Bd7 10. Qd2 a6 11. f3 Rc8 12. Rac1 Nxd4 13. Bxd4 Qa5 14. Rfd1 Rfe8
15. Bf1 Be6 16. b3 Nd7 17. Be3 h5 18. Nd5 Qxd2 19. Rxd2 Ne5 20. Rdd1 Nc6 21. g3
Bb2 22. Rc2 Ba3 23. Nf4 Bd7 24. Nd3 Nb4 25. Nxb4 Bxb4 26. Kf2 Be6 27. Rcc1 Ba3
28. Rb1 Bc5 29. Bd3 Rc7 30. Bxc5 Rxc5 31. Ke3 Kg7 32. a4 Rec8 33. Kd4 a5 34. b4
axb4 35. Rxb4 R8c7 36. Rdb1 b6 37. h4 f6 38. Rc1 Bd7 39. Ra1 Ra5 40. Bc2 b5 41.
Kc3 bxa4 42. Kb2 Be6 43. Bd3 Bd7 44. Bc2 Rca7 45. Ka3 Rc5 46. Rab1 Rac7 47. Bd3
Kf7 48. Rb7 f5 49. exf5 gxf5 50. Rxc7 Rxc7 51. Be2 f4 52. gxf4 Kf6 53. Rb8 Be6
54. Kb4 a3 55. Ra8 Kf5 56. Rf8+ Kg6 57. Bd3+ Kg7 58. Ra8 Rc5 59. Rxa3 Bf5 60.
Be4 Be6 61. Bd3 Bf5 62. Be4 Be6 63. Bd3 Rc8 64. Ra5 Bf7 65. Rg5+ Kf6 66. c5
Rb8+ 67. Kc3 Rb3+ 68. Kc2 dxc5 69. Rf5+ Ke6 70. Kxb3 1-0

[Event "SR Extraliga 2016/2017"]
[Site "?"]
[Date "2017.02.18"]
[Round "7.6"]
[White "Klemanic, Emil"]
[Black "Peitl, Tomas"]
[Result "1/2-1/2"]
[WhiteElo "2159"]
[BlackElo "2193"]
[PlyCount "139"]
[EventDate "2016.??.??"]

1. d4 b6 2. e4 Bb7 3. Bd3 e6 4. Nf3 c5 5. c3 Nf6 6. Nbd2 Nc6 7. O-O Be7 8. h3
cxd4 9. cxd4 Nb4 10. Bb1 Ba6 11. Re1 Bd3 12. a3 Bxb1 13. Nxb1 Na6 14. Nc3 O-O
15. Qd3 Nc7 16. d5 d6 17. Nd4 Qd7 18. Nc6 Rfe8 19. Nxe7+ Qxe7 20. Bd2 Nd7 21.
b4 Ne5 22. Qe2 exd5 23. exd5 Qf6 24. Ne4 Qg6 25. f4 f5 26. Nc3 Nf7 27. Qc4 Rec8
28. Qd3 Qf6 29. Rac1 a5 30. bxa5 Rxa5 31. Nb5 Rxb5 32. Rxc7 Rc5 33. Bc3 Qg6 34.
Rce7 h6 35. Re8+ Kh7 36. Rxc8 Rxc8 37. Re6 Qh5 38. g4 Rxc3 39. Qxc3 fxg4 40.
Qc2+ g6 41. Re7 Qxd5 42. hxg4 Qd4+ 43. Qf2 Qd1+ 44. Kh2 Kg8 45. Re8+ Kh7 46.
Qe2 Qd4 47. Qe3 Qf6 48. Kg3 h5 49. g5 Qf5 50. Qd4 Qg4+ 51. Kf2 Qh4+ 52. Ke2
Qg4+ 53. Kd2 Qg2+ 54. Re2 Qf3 55. Re7 Qg2+ 56. Kc3 Kg8 57. Re8+ Kh7 58. Rf8 Qa2
59. Qc4 Qxa3+ 60. Kc2 d5 61. Rxf7+ Kg8 62. Qxd5 Qa4+ 63. Kd2 Qb4+ 64. Ke2 Qb2+
65. Kd3 Qb1+ 66. Ke2 Qc2+ 67. Kf1 Qc1+ 68. Kg2 Qc2+ 69. Kh3 Qc3+ 70. Kg2
1/2-1/2

[Event "SR Extraliga 2016/2017"]
[Site "?"]
[Date "2017.02.18"]
[Round "7.7"]
[White "Kolesar, Milan"]
[Black "Frindt, Kornel"]
[Result "1-0"]
[WhiteElo "2180"]
[BlackElo "2180"]
[PlyCount "131"]
[EventDate "2016.??.??"]

1. Nf3 Nf6 2. c4 c5 3. Nc3 Nc6 4. d4 cxd4 5. Nxd4 e5 6. Nc2 d6 7. g3 h5 8. h3
Be6 9. Ne3 Nd4 10. Bg2 Qd7 11. b3 Be7 12. Bb2 O-O 13. Qd3 Rab8 14. Ncd5 Nxd5
15. Nxd5 Bd8 16. Bxd4 Bxd5 17. Bxd5 exd4 18. Rd1 Bf6 19. Kf1 b5 20. Qf3 bxc4
21. Bxc4 Qb7 22. Bd5 Qa6 23. a4 h4 24. gxh4 Rbe8 25. Rg1 Re5 26. Bc4 Qc8 27. h5
Qf5 28. Qxf5 Rxf5 29. h6 d5 30. hxg7 Rb8 31. Bb5 Rh5 32. Rd3 Rc8 33. Rf3 Bxg7
34. Rg4 Rc3 35. Rfg3 Rxg3 36. Rxg3 Re5 37. Kg2 Kf8 38. Rg4 Re6 39. Rg5 Rd6 40.
Bd3 Bh6 41. Rh5 Bd2 42. Re5 Bf4 43. Rf5 Bd2 44. Bb5 a6 45. Bd3 Ke7 46. Rh5 Be1
47. f4 a5 48. Re5+ Kf8 49. Kf3 Bh4 50. Kg4 Bf6 51. Rf5 Kg7 52. h4 Kf8 53. h5
Kg7 54. Bb5 Be7 55. Be8 f6 56. h6+ Kxh6 57. Bf7 Kg7 58. Bxd5 Rd8 59. Bc4 Bb4
60. Rb5 Rd7 61. Rb8 Rc7 62. Rg8+ Kh7 63. Rd8 Bc3 64. Kf5 Re7 65. Kxf6 Rxe2 66.
Bd3+ 1-0

[Event "SR Extraliga 2016/2017"]
[Site "?"]
[Date "2017.02.18"]
[Round "7.8"]
[White "Vrbova, Niki"]
[Black "Sosovicka, Matej"]
[Result "1/2-1/2"]
[WhiteElo "2201"]
[BlackElo "2201"]
[PlyCount "55"]
[EventDate "2016.??.??"]

1. e4 e5 2. Nf3 Nc6 3. Bc4 Nf6 4. d3 Be7 5. O-O d6 6. c3 O-O 7. Bb3 Na5 8. Bc2
c5 9. Nbd2 Nc6 10. Re1 h6 11. Nf1 Re8 12. Ng3 Be6 13. a3 Qc7 14. b4 a6 15. Bb3
Bf8 16. Bxe6 fxe6 17. Qb3 Kh7 18. Be3 b5 19. Rec1 Qd7 20. Ra2 Rac8 21. h3 Qb7
22. Qd1 Qf7 23. Nd2 Nd7 24. Nb3 Be7 25. Qg4 Qg6 26. Qxg6+ Kxg6 27. bxc5 dxc5
28. a4 1/2-1/2

[Event "SR Extraliga 2016/2017"]
[Site "?"]
[Date "2017.02.18"]
[Round "7.1"]
[White "Cernousek, Lukas"]
[Black "Petenyi, Tamas"]
[Result "0-1"]
[WhiteElo "2459"]
[BlackElo "2446"]
[PlyCount "94"]
[EventDate "2016.??.??"]

1. d4 Nf6 2. c4 g6 3. g3 Bg7 4. Bg2 O-O 5. Nf3 d6 6. O-O Nc6 7. Nc3 a6 8. Re1
Rb8 9. Rb1 Bf5 10. e4 Bg4 11. Be3 Re8 12. h3 Bxf3 13. Bxf3 e5 14. d5 Nd4 15.
Bg2 c5 16. dxc6 bxc6 17. b4 c5 18. a3 Qc7 19. Bf1 h5 20. Kg2 Qc6 21. Bd3 Nf5
22. Bd2 Nd4 23. f3 h4 24. g4 Ne6 25. Nd5 Qd7 26. Bc2 Rec8 27. bxc5 Nxd5 28.
cxd5 Nxc5 29. Bg5 Qc7 30. Qd2 Rxb1 31. Rxb1 Rb8 32. Rxb8+ Qxb8 33. Qb4 Qc7 34.
Bxh4 Bh6 35. Bf2 Bf4 36. Qc3 Kg7 37. h4 a5 38. Be1 a4 39. Bxa4 Qb7 40. Bc2 Qb5
41. Kf2 Bc1 42. a4 Qb6 43. a5 Qb5 44. g5 Kh7 45. Bd1 Nd3+ 46. Kg2 Nf4+ 47. Kg1
Bb2 0-1

[Event "SR Extraliga 2016/2017"]
[Site "?"]
[Date "2017.02.18"]
[Round "7.2"]
[White "Czebe, Attila"]
[Black "Roubalik, Jakub"]
[Result "1-0"]
[WhiteElo "2484"]
[BlackElo "2409"]
[PlyCount "105"]
[EventDate "2016.??.??"]

1. c4 Nf6 2. Nc3 e6 3. e4 d5 4. e5 d4 5. exf6 dxc3 6. bxc3 Qxf6 7. Qf3 Qxf3 8.
Nxf3 b6 9. g3 Bb7 10. Bg2 Nc6 11. O-O Na5 12. d3 Be7 13. Bf4 O-O-O 14. Rfd1 Bf6
15. Rac1 Rd7 16. g4 h6 17. h4 Bxf3 18. Bxf3 Bxh4 19. c5 Bg5 20. Bxg5 hxg5 21.
Rb1 Rhd8 22. d4 e5 23. d5 g6 24. d6 cxd6 25. cxb6 a6 26. Rb4 Nb7 27. Bc6 Re7
28. Ra4 a5 29. Rb1 d5 30. Bxb7+ Rxb7 31. Rxa5 Rd6 32. Rab5 Rb8 33. b7+ Kc7 34.
a4 d4 35. cxd4 exd4 36. Kf1 d3 37. Ke1 Rd4 38. Rc5+ Kd7 39. a5 Rxg4 40. Kd2 Rf4
41. Kxd3 Rxf2 42. Rd1 Ra2 43. Kc3+ Ke6 44. Rc6+ Ke5 45. a6 Rxa6 46. Rxa6 Rxb7
47. Ra5+ Ke4 48. Rxg5 Kf4 49. Rgg1 Rc7+ 50. Kd3 Rd7+ 51. Ke2 Re7+ 52. Kf2 Re6
53. Rd3 1-0

[Event "SR Extraliga 2016/2017"]
[Site "?"]
[Date "2017.02.18"]
[Round "7.3"]
[White "Zpevak, Pavel"]
[Black "Bokros, Albert"]
[Result "1/2-1/2"]
[WhiteElo "2355"]
[BlackElo "2491"]
[PlyCount "32"]
[EventDate "2016.??.??"]

1. d4 e6 2. c4 b6 3. Nc3 Bb7 4. Nf3 Bb4 5. Qc2 f5 6. a3 Bxc3+ 7. Qxc3 Nf6 8. e3
O-O 9. Be2 Ne4 10. Qc2 Ng5 11. d5 Nxf3+ 12. Bxf3 e5 13. O-O d6 14. Be2 Nd7 15.
b4 Qe7 16. f4 Nf6 1/2-1/2

[Event "SR Extraliga 2016/2017"]
[Site "?"]
[Date "2017.02.18"]
[Round "7.4"]
[White "Nemeth, Miklos"]
[Black "Motuz, Karol"]
[Result "1/2-1/2"]
[WhiteElo "2455"]
[BlackElo "2395"]
[PlyCount "34"]
[EventDate "2016.??.??"]

1. e4 e5 2. Nf3 Nc6 3. Bc4 Bc5 4. c3 Nf6 5. d4 exd4 6. O-O Nxe4 7. cxd4 d5 8.
dxc5 dxc4 9. Qe2 Qd3 10. Re1 f5 11. Nc3 O-O 12. Nxe4 fxe4 13. Qxe4 Bf5 14. Qh4
Rae8 15. Bf4 Nd4 16. Nxd4 Qxd4 17. Qg3 Bg6 1/2-1/2

[Event "SR Extraliga 2016/2017"]
[Site "?"]
[Date "2017.02.18"]
[Round "7.5"]
[White "Vojtek, Vladimir"]
[Black "Meszaros, Michal"]
[Result "1/2-1/2"]
[WhiteElo "2245"]
[BlackElo "2368"]
[PlyCount "40"]
[EventDate "2016.??.??"]

1. e4 e5 2. Nf3 Nc6 3. Bb5 a6 4. Ba4 Nge7 5. c3 g6 6. d4 exd4 7. Nxd4 b5 8. Bb3
Bg7 9. Bg5 Bb7 10. O-O h6 11. Be3 Na5 12. Bc2 d5 13. Nd2 c5 14. N4b3 c4 15.
Nxa5 Qxa5 16. exd5 Bxd5 17. Re1 Qc7 18. Be4 O-O 19. Qf3 Rad8 20. Rad1 Qc6
1/2-1/2

[Event "SR Extraliga 2016/2017"]
[Site "?"]
[Date "2017.02.18"]
[Round "7.6"]
[White "Bagi, Mate"]
[Black "Zvarik, Martin"]
[Result "1-0"]
[WhiteElo "2447"]
[BlackElo "2255"]
[PlyCount "95"]
[EventDate "2016.??.??"]

1. e4 e5 2. Nf3 Nc6 3. Nc3 d6 4. d4 Bg4 5. Bb5 exd4 6. Qxd4 Nf6 7. Bg5 Be7 8.
Bxf6 gxf6 9. Nd5 a6 10. Bxc6+ bxc6 11. Ne3 Rg8 12. O-O-O Rb8 13. Qa4 Rb6 14.
Nd5 Rb5 15. Qxa6 Bd7 16. Nxe7 Kxe7 17. g3 Qb8 18. b3 Rc5 19. Rd4 Rc3 20. Nh4 c5
21. Rd2 Rg4 22. f3 Rxh4 23. gxh4 Bb5 24. Qa5 Rxf3 25. Re1 Bc6 26. e5 fxe5 27.
Rxe5+ Kd7 28. Rxc5 Qh8 29. c3 Qf6 30. Rc4 Rf1+ 31. Kb2 Qg6 32. Ka3 Qb1 33. Qc5
Qc1+ 34. Kb4 Qxd2 35. Qxc6+ Ke6 36. Qe8+ Kf6 37. Qh8+ Kg6 38. Qg8+ Kf6 39. Qd8+
Kg6 40. Qg8+ Kf6 41. Qd8+ Kg6 42. Qxc7 Rf6 43. a4 Qxh2 44. a5 Qe5 45. a6 Rf5
46. Qb6 f6 47. a7 Qd5 48. Qa6 1-0

[Event "SR Extraliga 2016/2017"]
[Site "?"]
[Date "2017.02.18"]
[Round "7.7"]
[White "Bombek, Peter"]
[Black "Csiba, Dominik"]
[Result "1/2-1/2"]
[WhiteElo "2201"]
[BlackElo "2364"]
[PlyCount "96"]
[EventDate "2016.??.??"]

1. d4 Nf6 2. Nf3 c5 3. c3 b6 4. e3 Bb7 5. Nbd2 e6 6. Bd3 Be7 7. O-O O-O 8. Qe2
Nc6 9. a3 d5 10. Rd1 Qc7 11. dxc5 bxc5 12. e4 Bd6 13. Re1 Bf4 14. Bc2 a5 15.
Nb3 Nxe4 16. Bxf4 Qxf4 17. Bxe4 dxe4 18. Nfd2 f5 19. Nxc5 Bc8 20. Nc4 Qc7 21.
b4 Ne7 22. f3 Nd5 23. fxe4 Nxc3 24. Qc2 axb4 25. axb4 Rxa1 26. Rxa1 Nxe4 27.
Nxe4 fxe4 28. Ne3 Qe5 29. Rf1 Rxf1+ 30. Nxf1 Qd4+ 31. Kh1 Bb7 32. Qc5 Qd3 33.
Kg1 h6 34. b5 Qe2 35. h3 Qd1 36. Qe5 Qd5 37. Qxd5 exd5 38. Nd2 d4 39. Nb3 d3
40. Kf2 Bd5 41. b6 Kf7 42. Na5 d2 43. Ke2 e3 44. b7 Bxg2 45. b8=Q Bf3+ 46. Kxf3
d1=Q+ 47. Kxe3 Qe1+ 48. Kf3 Qxa5 1/2-1/2

[Event "SR Extraliga 2016/2017"]
[Site "?"]
[Date "2017.02.18"]
[Round "7.8"]
[White "Csonka, Attila Istvan"]
[Black "Borik, Juraj"]
[Result "1-0"]
[WhiteElo "2341"]
[BlackElo "2175"]
[PlyCount "67"]
[EventDate "2016.??.??"]

1. e4 c5 2. Nf3 d6 3. d4 cxd4 4. Qxd4 a6 5. c4 Nc6 6. Qe3 Nf6 7. h3 Qa5+ 8. Nc3
Nb4 9. Qd2 e6 10. Be2 Be7 11. O-O O-O 12. a3 Nc6 13. b4 Qc7 14. Bb2 b6 15. Rac1
Qb8 16. Rfd1 Ra7 17. Qe3 a5 18. b5 Nd8 19. Na4 Nd7 20. e5 f6 21. exf6 gxf6 22.
Rd4 Ne5 23. Nxb6 Ndf7 24. Nxc8 Rxc8 25. Nxe5 dxe5 26. Rg4+ Kh8 27. c5 f5 28.
Rgc4 Bg5 29. f4 Bh6 30. b6 Rd7 31. Bh5 Rd4 32. Rxd4 exd4 33. Qxd4+ e5 34. Qc4
1-0

[Event "SR Extraliga 2016/2017"]
[Site "?"]
[Date "2017.02.18"]
[Round "7.1"]
[White "Cvek, Robert"]
[Black "Ftacnik, Lubomir"]
[Result "1/2-1/2"]
[WhiteElo "2514"]
[BlackElo "2550"]
[PlyCount "79"]
[EventDate "2016.??.??"]

1. Nf3 Nf6 2. c4 c5 3. Nc3 e6 4. g3 b6 5. Bg2 Bb7 6. O-O Be7 7. d4 cxd4 8. Qxd4
d6 9. Bg5 a6 10. Bxf6 Bxf6 11. Qf4 Bxf3 12. Qxf3 Ra7 13. Rfd1 O-O 14. Rac1 Nd7
15. Qe3 Qb8 16. b3 Rd8 17. Rd2 b5 18. cxb5 d5 19. Rcd1 Rc7 20. Ne4 dxe4 21.
bxa6 Qb5 22. Qf4 Ra7 23. Qxe4 Qxa6 24. Qc6 g6 25. Qxa6 Rxa6 26. Rxd7 Rxd7 27.
Rxd7 Rxa2 28. Bf3 Rb2 29. Rb7 Bc3 30. h4 h6 31. Kf1 Rb1+ 32. Kg2 Rb2 33. Bg4
Kf8 34. Rb5 h5 35. Bf3 f5 36. Rb6 Ke7 37. Kf1 Rb1+ 38. Kg2 Rb2 39. Kf1 Rb1+ 40.
Kg2 1/2-1/2

[Event "SR Extraliga 2016/2017"]
[Site "?"]
[Date "2017.02.18"]
[Round "7.2"]
[White "Antal, Gergely"]
[Black "Pechac, Jergus"]
[Result "0-1"]
[WhiteElo "2551"]
[BlackElo "2437"]
[PlyCount "86"]
[EventDate "2016.??.??"]

1. e4 c6 2. Nc3 d5 3. Nf3 Nf6 4. e5 Ne4 5. Ne2 Qb6 6. d4 e6 7. Nf4 c5 8. Bd3
cxd4 9. O-O Nc6 10. Nh5 Bd7 11. a3 O-O-O 12. Re1 f5 13. exf6 gxf6 14. Bxe4 dxe4
15. Rxe4 Be7 16. Ng7 f5 17. Re1 e5 18. Nh5 e4 19. Bg5 Bxg5 20. Nxg5 Ne5 21. Ng3
Rhg8 22. Qd2 h6 23. Nh3 h5 24. f4 Ng4 25. Qb4 h4 26. Qxb6 axb6 27. Nf1 Bb5 28.
Ng5 e3 29. h3 Nf2 30. Nh2 Bc6 31. c3 Nd3 32. cxd4 Nxf4 33. Nhf3 Nxg2 34. Rec1
Nf4 35. Kh2 Kb8 36. Rc2 Bxf3 37. Nxf3 Rg3 38. Ng1 Rxd4 39. Rf1 e2 40. Re1 Rg2+
41. Kh1 Rd1 42. Rcxe2 Rxg1+ 43. Kxg1 Nxe2+ 0-1

[Event "SR Extraliga 2016/2017"]
[Site "?"]
[Date "2017.02.18"]
[Round "7.3"]
[White "Jablonicky, Martin"]
[Black "Stohl, Igor"]
[Result "0-1"]
[WhiteElo "2270"]
[BlackElo "2499"]
[PlyCount "110"]
[EventDate "2016.??.??"]

1. d4 g6 2. e4 Bg7 3. Nf3 d6 4. c4 Bg4 5. Be2 Nc6 6. Nbd2 Nf6 7. d5 Nb8 8. h3
Bxf3 9. Bxf3 Nbd7 10. O-O O-O 11. Rb1 c6 12. b3 Qb6 13. Bb2 a5 14. Qe2 Ne8 15.
Bxg7 Nxg7 16. dxc6 bxc6 17. Rfc1 Ne6 18. Bg4 Nd4 19. Qe3 Ne5 20. c5 dxc5 21.
Nc4 Nxc4 22. Rxc4 e5 23. Rbc1 a4 24. bxa4 Qb2 25. Bd1 Qxa2 26. Rxc5 Qb2 27. Qc3
Qxc3 28. R1xc3 f6 29. Rc1 Rfb8 30. Ra1 Kf7 31. a5 Rb5 32. Rxb5 cxb5 33. a6 Ke7
34. a7 Kd6 35. Ra6+ Nc6 36. Be2 Kc5 37. Ra1 Rxa7 38. Rc1+ Kb6 39. Rb1 Nd4 40.
Bc4 Kc5 41. Bg8 Ne2+ 42. Kh2 Nc3 43. Rc1 b4 44. f3 Kd4 45. Rc2 f5 46. exf5 gxf5
47. Rd2+ Ke3 48. Rb2 Rb7 49. Be6 Kf4 50. g4 e4 51. gxf5 e3 52. Bc4 Kxf5 53. Kg3
Ke5 54. f4+ Kd4 55. Ba6 Rb6 0-1